| 000 | 00929nam a2200289 u 4500 | ||
|---|---|---|---|
| 001 | 000062916 | ||
| 005 | 20200120224302.0 | ||
| 008 | 140801s2012 sp a gr| 000 0 spa d | ||
| 020 | _a9788496066719 | ||
| 020 | _a9789581414345 | ||
| 041 | 0 | _aYspa | |
| 043 | _as-p---- | ||
| 082 | 0 | 4 | _221 |
| 090 |
_aJN _bDOSF |
||
| 100 | 1 |
_aDostoievski, Fedor _d1821-1881 |
|
| 245 | 1 | 3 |
_aEl cocodrilo / _cFiódor Dostoievski ; traducción de Enrique Moya Carrión, ilustraciones Eugenia Ábalos. |
| 260 |
_aMadrid : _bGadir Editorial, _c2012. |
||
| 300 |
_a101 p. : _bil. ; _e21 cm. |
||
| 534 | _tTítulo original : Krokodil. | ||
| 650 | 1 | 7 |
_aNovela juvenil rusa _2LEMB |
| 650 | 2 | 7 |
_aNovela humorística _2LEMB |
| 650 | 2 | 7 |
_aEstupidez _xNovela juvenil _2LEMB |
| 650 | 2 | 7 |
_aBurocracia _xNovela juvenil _2LEMB |
| 650 | 2 | 7 |
_aAvaricia _xNovela juvenil |
| 700 | 1 |
_aÁbalos, Eugenia _eilustradora |
|
| 700 | 1 |
_aMoya Carrión, Enrique, _etraductor |
|
| 999 |
_c8808 _d8808 |
||